Los tres Reyes Magos (Record no. 179136)

MARC details
000 -LEADER
campo de control de longitud fija 00819nam a2200253 i 4500
001 - NÚMERO DE CONTROL
campo de control 179136
003 - IDENTIFICADOR DE NÚMERO DE CONTROL
campo de control ES-MaACL
005 - FECHA Y HORA DE LA ÚLTIMA TRANSACCIÓN
campo de control 20250818101128.0
008 - DATOS DE LONGITUD FIJA--INFORMACIÓN GENERAL
campo de control de longitud fija 110916s2002 sp aop |||| | spa d
020 ## - NÚMERO INTERNACIONAL ESTÁNDAR DEL LIBRO
Número Internacional Estándar del Libro 84-460-1735-0
080 ## - NÚMERO DE LA CLASIFICACIÓN DECIMAL UNIVERSAL
Número de la Clasificación Decimal Universal 232.92
080 ## - NÚMERO DE LA CLASIFICACIÓN DECIMAL UNIVERSAL
Número de la Clasificación Decimal Universal 398.332.44
100 1# - ENTRADA PRINCIPAL--NOMBRE DE PERSONA
Nombre de persona González Requena, Jesús.
9 (RLIN) 147947
245 14 - MENCIÓN DEL TÍTULO
Título Los tres Reyes Magos
Resto del título : la eficacia simbólica /
Mención de responsabilidad, etc. Jesús González Requena.
260 ## - PUBLICACIÓN, DISTRIBUCIÓN, ETC.
Lugar de publicación, distribución, etc. Tres Cantos (Madrid) :
Nombre del editor, distribuidor, etc. Akal,
Fecha de publicación, distribución, etc. [2002]
300 ## - DESCRIPCIÓN FÍSICA
Extensión 157 p. :
Otras características físicas il. col. ;
Dimensiones 22 cm.
490 1# - MENCIÓN DE SERIE
Mención de serie Los caprichos ;
Designación de volumen o secuencia 3
650 #7 - PUNTO DE ACCESO ADICIONAL DE MATERIA--TÉRMINO DE MATERIA
Término de materia o nombre geográfico como elemento de entrada Reyes Magos
Fuente del encabezamiento o término embne
9 (RLIN) 147953
650 #7 - PUNTO DE ACCESO ADICIONAL DE MATERIA--TÉRMINO DE MATERIA
Término de materia o nombre geográfico como elemento de entrada Reyes Magos
Fuente del encabezamiento o término embne
9 (RLIN) 147953
830 0# - PUNTO DE ACCESO ADICIONAL DE SERIE-TÍTULO UNIFORME
Título uniforme Los caprichos ;
Designación de volumen o secuencia 3
9 (RLIN) 224408
852 ## - LOCALIZACIÓN
Ubicación ES-MaACL
itemnumber 186008
Sublocalización o colección R.146025
Número de control de estantería A-11519
Signatura antigua Olim: N-4523
Ubicación en estantería Depósito 1
942 ## - ELEMENTOS DE ENTRADA SECUNDARIOS (KOHA)
Fuente del sistema de clasificación o colocación Clasificación decimal universal
Tipo de ítem Koha Libro impreso
Holdings
Estatus retirado Estado de pérdida Fuente del sistema de clasificación o colocación Estado de daño No para préstamo Biblioteca de origen Biblioteca actual Ubicación en estantería Fecha de adquisición Fuente de adquisición Total de préstamos Signatura topográfica completa Código de barras Visto por última vez Precio de reemplazo Tipo de ítem Koha
    Clasificación decimal universal     Biblioteca del Ateneo de Madrid Biblioteca del Ateneo de Madrid Depósito 1 16/09/2011 Donación   A-11519 1188176 23/02/2023 23/02/2023 Libro impreso